| 000 | 00496nam a22001937a 4500 | ||
|---|---|---|---|
| 003 | PILC | ||
| 005 | 20160119102232.0 | ||
| 008 | 121115t xxu||||| |||| 00| 0 eng d | ||
| 020 | _a9781869435677 | ||
| 050 |
_aPZ 7 _b.H945 2004 |
||
| 082 |
_aFIC _bH89f 2004 |
||
| 100 |
_aHunter, Eirlys _918872 |
||
| 245 |
_aFinn's quest 3 : _cEirlys Hunter _bthe slave-stealers |
||
| 260 |
_aNew York. _bScholastic. _cc2004. |
||
| 300 |
_g19 cm _a289 p. |
||
| 562 | _e1 | ||
| 942 |
_2lcc _cBK |
||
| 999 |
_c1191 _d1191 |
||